| 000 | 00913nam a22003137a 4500 | ||
|---|---|---|---|
| 003 | CHAP | ||
| 005 | 20220329143529.0 | ||
| 008 | 100413s1974 mx r 00010 spa d | ||
| 010 | _a98093 | ||
| 011 | _a99065 | ||
| 020 | _a8471830477 | ||
| 035 | _a109750 | ||
| 040 | _cCHAP | ||
| 082 | 1 | 4 |
_a443.6 _bC99 |
| 100 | 0 | 0 |
_aCuyás, Arturo. _930771 |
| 245 | 1 | 0 |
_aDiccionario francés-español _c/por Arturo Cuyás Armengol |
| 250 | _a34 ed. | ||
| 260 |
_aBarcelona : _bHYMSA, _c1974 |
||
| 300 | _a396p. | ||
| 590 |
_aBATCH-UPD _b10 _c20130110 _lUCH01 _h1620 |
||
| 590 |
_aBATCH-UPD _b10 _c20130410 _lUCH01 _h1015 |
||
| 590 |
_aBATCH-UPD _b10 _c20130914 _lUCH01 _h1134 |
||
| 590 |
_aCONVERSION _b10 _c20130109 _lUCH01 _h1354 |
||
| 650 | 1 | 4 |
_aFrancés _xDiccionarios _xEspañol. _943001 |
| 901 | _aBK | ||
| 911 | _aen proceso | ||
| 942 | _cLIBRO | ||
| 949 |
_a443.6 C99 _bBC _cC _d33724002166264 _eC _gI.c/e _h112265 _i109750 _sb |
||
| 999 |
_c98093 _d98093 |
||